2000s Pop Albums - Sudden Death - Statistics

General Stats
  • This quiz has been taken 176 times
  • The average score is 4 of 18
Answers on the Grid
Answers color-coded by a green-red scale on the quiz's grid according to % correct below.
Thriller
Positions
Oops!... I Did It Again
Circus
Hounds Of Love
Music Of The Sun
The Writing's On The Wall
1000 Forms Of Fear
Fearless
True Blue
Dangerous
The Kick Inside
My Everything
Daydream
The Emancipation Of Mimi
Music Box
Animal
Teenage Dream
ANTI
Up All Night
...Baby One More Time
In The Zone
Plastic Hearts
Dangerously In Love
Reasonable Doubt
The College Dropout
The Block Is Hot
DAYS BEFORE RODEO
Goblin
Visions
 
Answer Stats
Answer % Correct
Oops!... I Did It Again
66%
Circus
42%
Fearless
41%
Positions
29%
Teenage Dream
27%
ANTI
21%
Dangerously In Love
21%
The College Dropout
21%
My Everything
17%
In The Zone
13%
Up All Night
13%
Animal
11%
Music Of The Sun
10%
1000 Forms Of Fear
8%
DAYS BEFORE RODEO
8%
Plastic Hearts
7%
Goblin
4%
Visions
4%
No matching quizzes found
Score Distribution
Percent of People with Each Score
Percentile by Number Answered
Your Score History
You have not taken this quiz